| 000 | 01657nas a2200277Ia 4500 | ||
|---|---|---|---|
| 001 | R240-R2907 | ||
| 003 | IT-CnALBA | ||
| 008 | 170116c99999999xx |||||||||||| ||und|| | ||
| 040 |
_aIT-CnALBA _cIT-CnALBA |
||
| 041 | _aITALIANO | ||
| 100 | _aCANOPI ANNA MARIA, OSB. | ||
| 210 | _aSE VUOI | ||
| 222 | _aSE VUOI | ||
| 245 | 0 | _aSE VUOI. RIVISTA DI ORIENTAMENTO. N. VI. ANNO XXIV. NOVEMBRE DICEMBRE 1983. | |
| 250 | _a1a ed. | ||
| 260 |
_aCINISELLO BALSAMO (MI) _bEDIZIONI PAOLINE _c1983 |
||
| 300 | _a66 p. | ||
| 310 | _aBIMESTRALE | ||
| 362 | _aFascicolo: 6 / Anno: 24 (1983) | ||
| 500 | _aVITA MONASTICA E SERVIZIO AGLI UOMINI. SEQUELA DI CRISTO. MATRIMONIO. LIBERAZIONE DELLA PASSIONE DELLA VITA. CIAN L. CADORIN B. ROSSINI A. FILM, CAMMINACAMMINA, REGIA DI ERMANNO OLMI. CAMMINO VOCAZIONALE CON S. PAOLO, FOTOLINGUAGGIO. SUORE DI GESÙ BUON PASTORE, PASTORELLE. COMUNITÀ EMMANUEL. ESPERIENZE DI DESERTO. TESTIMONIANZE, INCONTRI DI PREGHIERA. FEDERICO OZANAM. COME FRANCESCO. RECENSIONI. LIBRI. INDICE ANNATA 1983. | ||
| 501 | _aSocietà San Paolo EM - Piazza San Paolo, 14 - 12051 ALBA (CN) (non commercial uses only) ® Copyright 2017 | ||
| 520 | _aVITA MONASTICA E SERVIZIO AGLI UOMINI. SEQUELA DI CRISTO. MATRIMONIO. LIBERAZIONE DELLA PASSIONE DELLA VITA. CIAN L. CADORIN B. ROSSINI A. FILM, CAMMINACAMMINA, REGIA DI ERMANNO OLMI. CAMMINO VOCAZIONALE CON S. PAOLO, FOTOLINGUAGGIO. SUORE DI GESÙ BUON PASTORE, PASTORELLE. COMUNITÀ EMMANUEL. ESPERIENZE DI DESERTO. TESTIMONIANZE, INCONTRI DI PREGHIERA. FEDERICO OZANAM. COME FRANCESCO. RECENSIONI. LIBRI. INDICE ANNATA 1983. | ||
| 650 | _aVOCAZIONE | ||
| 942 | _cCR | ||
| 957 | _71 | ||
| 999 |
_a12951 _bNO _g1 _c321006 _d321006 |
||